| 000 | 00660nam a22002057a 4500 | ||
|---|---|---|---|
| 999 |
_c179569 _d179569 |
||
| 005 | 20210622155416.0 | ||
| 010 | _aB-740269 | ||
| 020 |
_a9780143031321 _c295.00 |
||
| 035 | _aB-740269 | ||
| 037 | _bGift | ||
| 082 | _a144 | ||
| 100 | _aSaul, John Ralston | ||
| 245 |
_aOn equilibrium: _bthe six qualities of the new humanism / _cby John Ralston Saul |
||
| 260 |
_aNew Delhi _bPenguin Books _c2004 |
||
| 270 |
_a11 Community Centre, Panchsheel Park _bNew Delhi _e110017 |
||
| 300 |
_a370p. _c21cm(pbk) |
||
| 500 | _ainclude index | ||
| 942 |
_2ddc _cEN _h144 _mSAU |
||